[Event "Top Jeunes"]
[Site "Mulhouse"]
[Date "2010.12.19"]
[Round "5.1"]
[White "Viennot, Dylan"]
[Black "Barbot, Pierre"]
[Result "1-0"]
[WhiteElo "2032"]
[BlackElo "2177"]
[PlyCount "41"]
[EventDate "19.??.??"]
[WhiteTeam "Mulhouse"]
[BlackTeam "Sautron"]

1. e4 c5 2. Nf3 Nc6 3. Bb5 Nf6 4. Bxc6 dxc6 5. d3 g6 6. Nc3 Bg7 7. Ne2 O-O 8.
Ng3 b6 9. Qe2 Ne8 10. h4 Nc7 11. Ng5 h6 12. Nh3 e5 13. h5 Ne6 14. Be3 Qf6 15.
Qd2 Kh7 16. hxg6+ Qxg6 17. Nf5 f6 18. O-O-O Nd8 19. g4 Nf7 20. Rdg1 Re8 21. Nh4
1-0

[Event "Top Jeunes"]
[Site "Mulhouse"]
[Date "2010.12.19"]
[Round "5.2"]
[White "Bapst, Valentin"]
[Black "Messinger, Karl"]
[Result "1/2-1/2"]
[WhiteElo "1905"]
[BlackElo "1936"]
[PlyCount "62"]
[EventDate "19.??.??"]
[WhiteTeam "Sautron"]
[BlackTeam "Mulhouse"]

1. e4 c5 2. Nf3 Nc6 3. d4 cxd4 4. Nxd4 g6 5. c4 Nf6 6. Nc3 Nxd4 7. Qxd4 d6 8.
Be3 Bg7 9. f3 O-O 10. Qd2 Be6 11. Rc1 a5 12. b3 Bd7 13. Be2 Bc6 14. O-O Nd7 15.
Nd5 Nc5 16. Qe1 Bxd5 17. cxd5 Qb6 18. Qd2 Rfc8 19. Rc4 Qa7 20. Rfc1 Bh6 (20...
b5 $1) 21. Bxh6 Nxb3+ 22. Be3 Rxc4 23. axb3 Rxc1+ 24. Qxc1 Qb8 25. Qc4 Qc8 26.
Qb5 Qc3 27. Kf2 Qb4 28. Qxb4 axb4 29. Bd2 Ra2 30. Ke1 Ra1+ 31. Bd1 Ra2 1/2-1/2

[Event "Top Jeunes"]
[Site "Mulhouse"]
[Date "2010.12.19"]
[Round "5.3"]
[White "Devoille, Hugo"]
[Black "Le Pen, Steven"]
[Result "0-1"]
[WhiteElo "1753"]
[BlackElo "1793"]
[PlyCount "70"]
[EventDate "19.??.??"]
[WhiteTeam "Mulhouse"]
[BlackTeam "Sautron"]

1. e4 c5 2. Nf3 d6 3. Bb5+ Nd7 4. c3 Ngf6 5. Qe2 Qc7 6. O-O a6 7. Ba4 b5 8. Bc2
Bb7 9. d3 g6 10. Rd1 Bg7 11. Nbd2 O-O 12. Nf1 Rac8 13. Ng3 e6 14. h3 Nb6 15.
Bf4 e5 16. Be3 d5 17. Bg5 h6 18. Bxf6 Bxf6 19. Rac1 d4 20. cxd4 exd4 21. Bb3
Qd6 22. a3 Rfe8 23. Ba2 Nd5 24. Bxd5 Bxd5 25. Qd2 Bb3 26. Re1 Bg7 27. Ne2 g5
28. Ng3 Be6 29. Red1 Red8 30. Qe2 c4 31. dxc4 d3 32. Qd2 bxc4 33. Qe3 Bxb2 34.
Rb1 c3 35. Ne1 c2 0-1

[Event "Top Jeunes"]
[Site "Mulhouse"]
[Date "2010.12.19"]
[Round "5.4"]
[White "Terrazzoni, Claire"]
[Black "Veys, Vincent"]
[Result "0-1"]
[WhiteElo "1490"]
[BlackElo "1730"]
[PlyCount "50"]
[EventDate "19.??.??"]
[WhiteTeam "Sautron"]
[BlackTeam "Mulhouse"]

1. e4 e5 2. Nf3 Nc6 3. Bb5 a6 4. Ba4 Nf6 5. O-O b5 (5... Bc5) 6. Bb3 Bc5 7. a4
Rb8 8. axb5 axb5 9. c3 d6 10. d4 Bb6 11. h3 O-O 12. Na3 Ra8 13. Bg5 exd4 14.
cxd4 b4 15. Nc2 Rxa1 16. Qxa1 h6 17. Bxf6 Qxf6 18. Qd1 Qg6 19. Qd3 Na5 20. Ba4
d5 21. Nd2 dxe4 22. Qxe4 Bf5 23. Qf4 Bxc2 24. b3 Qg5 25. Qxg5 hxg5 0-1

[Event "Top Jeunes"]
[Site "Mulhouse"]
[Date "2010.12.19"]
[Round "5.5"]
[White "Guerry, Emilien"]
[Black "Eugene, Floryan"]
[Result "0-1"]
[WhiteElo "1640"]
[BlackElo "1609"]
[PlyCount "58"]
[EventDate "19.??.??"]
[WhiteTeam "Mulhouse"]
[BlackTeam "Sautron"]

1. e4 e5 2. Nf3 Nc6 3. Bb5 a6 4. Ba4 Nf6 5. O-O Be7 6. Re1 b5 7. Bb3 O-O 8. c3
d6 9. h3 Na5 10. Bc2 c5 11. d4 Qc7 12. b3 Rd8 13. d5 c4 14. b4 Nb7 15. Be3 a5
16. a3 axb4 17. cxb4 Bd7 18. Nc3 Ra6 19. Qc1 Rda8 20. Ne2 Nh5 21. g4 Nf6 22.
Ng3 h6 23. Rd1 Qc8 24. Nf5 Bxf5 25. exf5 Qc7 26. Nd2 Nxd5 27. Ne4 Nxb4 28. axb4
Rxa1 29. Qd2 Rxd1+ 0-1

[Event "Top Jeunes"]
[Site "Mulhouse"]
[Date "2010.12.19"]
[Round "5.6"]
[White "Machiels, Etienne"]
[Black "Flick, Antoine"]
[Result "1-0"]
[WhiteElo "1573"]
[BlackElo "1605"]
[PlyCount "73"]
[EventDate "19.??.??"]
[WhiteTeam "Sautron"]
[BlackTeam "Mulhouse"]

1. e4 e6 2. d4 d5 3. Nc3 Nf6 4. Bg5 Be7 5. e5 Nfd7 6. h4 Nc6 7. Nf3 Nb6 8. Be3
f6 9. exf6 Bxf6 10. Bf4 a6 11. Ne5 O-O 12. g3 Nxe5 13. Bxe5 c5 14. f4 Bxe5 15.
dxe5 Bd7 16. b3 Bc6 17. Bd3 Qe7 18. Qh5 g6 19. Qg4 Kg7 20. h5 Be8 21. hxg6 Bxg6
22. O-O-O Qf7 23. Qg5 Rae8 24. Rh6 Rh8 25. g4 Nd7 26. Rdh1 c4 27. Bxg6 hxg6 28.
Kb2 b5 29. Ne2 c3+ 30. Kb1 Reg8 31. Qh4 Qe8 32. Qg5 Rf8 33. Ng3 a5 34. Nh5+ Kf7
35. Nf6 Rxh6 36. Rxh6 Qd8 37. Rh7# 1-0

[Event "Top Jeunes"]
[Site "Mulhouse"]
[Date "2010.12.19"]
[Round "5.7"]
[White "Burri, Quentin"]
[Black "Ragot Gaufreteau, Maelyss"]
[Result "1/2-1/2"]
[WhiteElo "1720"]
[BlackElo "1350"]
[PlyCount "75"]
[EventDate "19.??.??"]
[WhiteTeam "Mulhouse"]
[BlackTeam "Sautron"]

1. d4 d5 2. c4 e6 3. Nc3 Nf6 4. Bg5 Be7 5. e3 O-O 6. Nf3 b6 7. Bd3 Bb7 8. cxd5
Nxd5 9. Bxe7 Qxe7 10. Rc1 c5 11. Nxd5 Bxd5 12. Qc2 h6 13. dxc5 bxc5 14. Qxc5
Qxc5 15. Rxc5 Bxa2 16. Be4 Nd7 17. Ra5 Bd5 18. Bxd5 exd5 19. Rxd5 Nf6 20. Ra5
Rac8 21. O-O Rc2 22. b4 Rb8 23. b5 Rb2 24. Nd4 Rb7 25. h3 Ne4 26. Ra3 Nd6 27.
Rfa1 Nxb5 28. Nxb5 R7xb5 29. Rxa7 Rb7 30. Rxb7 Rxb7 31. Kh2 Kh7 32. Kg3 Kg6 33.
Ra6+ f6 34. e4 Re7 35. f3 Kf7 36. Kf4 g5+ 37. Kg4 Kg6 38. h4 1/2-1/2

[Event "Top Jeunes"]
[Site "Mulhouse"]
[Date "2010.12.19"]
[Round "5.8"]
[White "Rambeaux, Solene"]
[Black "Trouve, Guillaume"]
[Result "1/2-1/2"]
[WhiteElo "1480"]
[BlackElo "1614"]
[PlyCount "75"]
[EventDate "19.??.??"]
[WhiteTeam "Mulhouse"]
[BlackTeam "Sautron"]

1. d4 d5 2. c4 e6 3. Nf3 Nf6 4. g3 Be7 5. Bg2 O-O 6. O-O b6 7. Nc3 Bb7 8. Qc2
Nbd7 9. Rd1 c5 10. a3 Qc8 11. Ne5 cxd4 12. Nxd7 Qxd7 13. Rxd4 e5 14. Rd1 d4 15.
Bg5 Bxg2 16. Bxf6 gxf6 17. Kxg2 Qc6+ 18. Nd5 Qe6 19. Nc7 Qc6+ 20. Nd5 Qe6 21.
Nc7 Qc6+ 22. Nd5 Rfd8 23. Qe4 Qd7 24. Nxe7+ Qxe7 25. e3 dxe3 26. Qxe3 Qb7+ 27.
Qf3 Qxf3+ 28. Kxf3 Rac8 29. Rxd8+ Rxd8 30. Ke3 Kg7 31. Rc1 Rc8 32. b4 a5 33.
bxa5 bxa5 34. c5 f5 35. c6 Kf6 36. c7 Ke6 37. Rc5 Kd6 38. Rxa5 1/2-1/2

[Event "Top Jeunes"]
[Site "Mulhouse"]
[Date "2010.12.19"]
[Round "5.9"]
[White "Trouve, Guillaume"]
[Black "Burri, Quentin"]
[Result "0-1"]
[WhiteElo "1614"]
[BlackElo "1720"]
[PlyCount "68"]
[EventDate "19.??.??"]
[WhiteTeam "Sautron"]
[BlackTeam "Mulhouse"]

1. e4 c5 2. Nf3 d6 3. d4 cxd4 4. Nxd4 Nf6 5. Nc3 a6 6. f3 e6 7. Be3 b5 8. Qd2
b4 9. Nce2 e5 10. Nb3 d5 11. exd5 Qxd5 12. O-O-O Be6 13. g4 h6 14. Ng3 Nbd7 15.
Bg2 Rc8 16. Kb1 a5 17. f4 Qxd2 18. Rxd2 Nxg4 19. f5 Bxb3 20. axb3 Nxe3 21. Bb7
Rc7 22. Bf3 Be7 23. Re1 Bg5 24. Rde2 f6 25. Bh5+ Ke7 26. Bg6 Rhc8 27. Rc1 Nc5
28. Rce1 a4 29. bxa4 Nxa4 30. Rc1 b3 31. c3 Ra7 32. Ne4 Bf4 33. Nd2 Nc5 34. Rg1
Rca8 0-1

[Event "Top Jeunes"]
[Site "Mulhouse"]
[Date "2010.12.19"]
[Round "5.10"]
[White "Ragot Gaufreteau, Maelyss"]
[Black "Rambeaux, Solene"]
[Result "1-0"]
[WhiteElo "1350"]
[BlackElo "1480"]
[PlyCount "59"]
[EventDate "19.??.??"]
[WhiteTeam "Sautron"]
[BlackTeam "Mulhouse"]

1. e4 c5 2. Nf3 d6 3. d4 cxd4 4. Nxd4 Nf6 5. Nc3 g6 6. Be3 Bg7 7. f3 O-O 8. Qd2
Nc6 9. Bc4 Bd7 10. O-O-O Rb8 11. g4 Na5 12. Bb3 b5 13. Bh6 Bxh6 14. Qxh6 e5 15.
Nde2 b4 16. Nd5 Nxb3+ 17. axb3 Nxd5 18. exd5 Qa5 19. Kb1 Rb6 20. h4 Ra6 21. Kc1
Qc5 22. Kb1 Rc8 23. c3 bxc3 24. Nxc3 Qa5 25. h5 Qa1+ 26. Kc2 Qa5 27. hxg6 fxg6
28. Qxh7+ Kf8 29. Qh8+ Ke7 30. Rh7# 1-0

[Event "Top Jeunes"]
[Site "Mulhouse"]
[Date "2010.12.19"]
[Round "5.1"]
[White "Sok, Michael"]
[Black "Clement, Alexandre"]
[Result "0-1"]
[WhiteElo "1717"]
[BlackElo "1923"]
[PlyCount "98"]
[EventDate "19.??.??"]
[WhiteTeam "Potemkine"]
[BlackTeam "Villepinte"]

1. d4 d5 2. c4 c6 3. Nc3 Nf6 4. e3 e6 5. Nf3 Nbd7 6. Bd3 Bd6 7. Bd2 O-O 8. O-O
dxc4 9. Bxc4 e5 10. dxe5 Nxe5 11. Nxe5 Bxe5 12. Be2 Bc7 13. Be1 Qe7 14. Bf3 Rd8
15. Qe2 h6 16. Rd1 Rxd1 17. Nxd1 Qd6 18. g3 Bh3 19. Bg2 Bxg2 20. Kxg2 Qd5+ 21.
Qf3 Qxa2 22. Bc3 Qd5 23. Bxf6 Qxf3+ 24. Kxf3 gxf6 25. Nc3 Rd8 26. Ra1 a5 27.
Ke2 Kf8 28. Ne4 Ke7 29. f4 f5 30. Nc5 b6 31. Nb3 c5 32. Nd2 Kd6 33. Nf3 Kc6 34.
Nh4 Rd5 35. Rd1 c4 36. Rxd5 Kxd5 37. Nxf5 a4 38. Kd2 b5 39. Nxh6 Ba5+ 40. Kc2
b4 41. Nf5 b3+ 42. Kb1 c3 43. bxc3 Bxc3 44. Nd4 Kc4 45. Ne2 a3 46. Nc1 Bd2 47.
h4 Bxc1 48. Kxc1 Kc3 49. Kb1 a2+ 0-1

[Event "Top Jeunes"]
[Site "Mulhouse"]
[Date "2010.12.19"]
[Round "5.2"]
[White "Msellek, Ilyass"]
[Black "Figiel, Alexis"]
[Result "1-0"]
[WhiteElo "2059"]
[BlackElo "1737"]
[PlyCount "81"]
[EventDate "19.??.??"]
[WhiteTeam "Villepinte"]
[BlackTeam "Potemkine"]

1. e4 c6 2. d4 d5 3. Nc3 dxe4 4. Nxe4 Bf5 5. Ng3 Bg6 6. h4 h6 7. h5 Bh7 8. Nf3
Nd7 9. Bd3 Bxd3 10. Qxd3 e6 11. Bd2 Qc7 12. O-O-O O-O-O 13. c4 Ngf6 14. Bc3 Bd6
15. Ne4 Nxe4 16. Qxe4 Rhe8 17. Ne5 Nf6 18. Qe2 c5 19. dxc5 Bxc5 20. Kc2 a5 21.
f4 Rxd1 22. Rxd1 Rd8 23. Rxd8+ Kxd8 24. Qd2+ Ke8 25. Bxa5 b6 26. Bc3 Nxh5 27.
g4 Nf6 28. Qg2 Kf8 29. g5 hxg5 30. fxg5 Ne8 31. Qe4 Ke7 32. Qf3 f5 33. gxf6+
gxf6 34. Ng6+ Kf7 35. Qh5 Ng7 36. Qh6 e5 37. Nh4 Ke6 38. Nf3 Nf5 39. Ng5+ Kd7
40. Qxf6 Nd4+ 41. Bxd4 1-0

[Event "Top Jeunes"]
[Site "Mulhouse"]
[Date "2010.12.19"]
[Round "5.3"]
[White "Lutard, Florian"]
[Black "Bellaiche, Elise"]
[Result "0-1"]
[WhiteElo "1712"]
[BlackElo "1896"]
[PlyCount "48"]
[EventDate "19.??.??"]
[WhiteTeam "Potemkine"]
[BlackTeam "Villepinte"]

1. d4 e6 2. c4 b6 3. Nf3 Bb4+ 4. Bd2 Qe7 5. Nc3 Bxc3 6. Bxc3 f5 7. e3 d6 8. Bd3
Nf6 9. O-O O-O 10. Qc2 Nbd7 11. Nd2 Bb7 12. e4 e5 13. dxe5 dxe5 14. exf5 e4 15.
Bxf6 Nxf6 16. Be2 e3 17. Nf3 exf2+ 18. Rxf2 Ng4 19. Nd4 Nxf2 20. Kxf2 Qh4+ 21.
Ke3 Rae8+ 22. Ne6 Rxe6+ 23. fxe6 Qf4+ 24. Kd3 Be4+ 0-1

[Event "Top Jeunes"]
[Site "Mulhouse"]
[Date "2010.12.19"]
[Round "5.4"]
[White "Ek, Alexandre"]
[Black "Baldi, Valentine"]
[Result "1-0"]
[WhiteElo "1855"]
[BlackElo "1624"]
[PlyCount "49"]
[EventDate "19.??.??"]
[WhiteTeam "Villepinte"]
[BlackTeam "Potemkine"]

1. e4 c6 2. d4 d5 3. exd5 cxd5 4. c4 Nf6 5. Nc3 Nc6 6. Bg5 e6 7. Nf3 dxc4 8.
Bxc4 Be7 9. O-O O-O 10. a3 a6 11. Rc1 b5 12. Ba2 Bb7 13. Bxf6 Bxf6 14. d5 exd5
15. Bxd5 Qb6 16. Qc2 Nd4 17. Qd3 Rad8 18. Bxb7 Qxb7 19. Nxd4 Rxd4 20. Qf5 Rd2
21. Ne4 Rxb2 22. Nxf6+ gxf6 23. Rc3 Qb6 24. Rg3+ Kh8 25. Qg4 1-0

[Event "Top Jeunes"]
[Site "Mulhouse"]
[Date "2010.12.19"]
[Round "5.5"]
[White "Lutard, Theo"]
[Black "O'Sullivan, Thomas"]
[Result "0-1"]
[WhiteElo "1630"]
[BlackElo "1813"]
[PlyCount "42"]
[EventDate "19.??.??"]
[WhiteTeam "Potemkine"]
[BlackTeam "Villepinte"]

1. e4 e6 2. d4 d5 3. exd5 exd5 4. Bd3 Nf6 5. Nf3 Bd6 6. Bg5 Nbd7 7. O-O O-O 8.
Re1 c5 9. dxc5 Bxc5 10. Be3 Qb6 11. Bxc5 Nxc5 12. b3 Nfe4 13. Re3 f5 14. h3 f4
15. Re2 Qg6 16. Kh1 Qh5 17. Nh2 f3 18. Nxf3 Bxh3 19. gxh3 Qxf3+ 20. Kg1 Nxf2
21. Qe1 Qh1# 0-1

[Event "Top Jeunes"]
[Site "Mulhouse"]
[Date "2010.12.19"]
[Round "5.6"]
[White "Le Menelec, Erwan-Son"]
[Black "Commercon, Joachim"]
[Result "1-0"]
[WhiteElo "1716"]
[BlackElo "1615"]
[PlyCount "63"]
[EventDate "19.??.??"]
[WhiteTeam "Villepinte"]
[BlackTeam "Potemkine"]

1. e4 c5 2. c3 Nf6 3. e5 Nd5 4. d4 e6 5. Nf3 Nc6 6. Bc4 Nb6 7. Bb3 c4 8. Bc2
Nd5 9. O-O b5 10. Ng5 Bb7 11. f4 f5 12. Qf3 Nde7 13. Qg3 Qb6 14. Be3 Nd5 15.
Bf2 h6 16. Nf3 Nce7 17. Nh4 O-O-O 18. b3 g5 19. fxg5 hxg5 20. Qxg5 Bh6 21. Qh5
Bc1 22. Qd1 Bb2 23. bxc4 bxc4 24. Nd2 Nxc3 25. Nxc4 Qc6 26. Nd6+ Kc7 27. Qd2
Bxa1 28. Rxa1 Rdg8 29. Qxc3 Rxg2+ 30. Nxg2 Rg8 31. Bg3 Kd8 32. Qa5+ 1-0

[Event "Top Jeunes"]
[Site "Mulhouse"]
[Date "2010.12.19"]
[Round "5.7"]
[White "Ea, Thibault"]
[Black "Ek, Bora"]
[Result "0-1"]
[WhiteElo "1528"]
[BlackElo "1430"]
[PlyCount "116"]
[EventDate "19.??.??"]
[WhiteTeam "Potemkine"]
[BlackTeam "Villepinte"]

1. e4 c5 2. Nf3 d6 3. Bc4 g6 4. Nc3 Bg7 5. d4 cxd4 6. Nxd4 Nc6 7. Nxc6 bxc6 8.
f4 e6 9. O-O Ne7 10. Be3 O-O 11. Bd4 Bxd4+ 12. Qxd4 Qb6 13. Qxb6 axb6 14. Rad1
Rd8 15. Rd2 d5 16. Bb3 Bb7 17. e5 Nf5 18. Re1 b5 19. a3 Ne7 20. Red1 Nc8 21.
Ne4 Nb6 22. Kf2 Nc4 23. Bxc4 bxc4 24. Ke3 Rac8 25. Nd6 Rb8 26. Nxc4 Ba8 27. b3
c5 28. g4 d4+ 29. Kf2 Bd5 30. Nd6 f6 31. Rd3 g5 32. Nc4 Bxc4 33. bxc4 fxe5 34.
fxe5 Rf8+ 35. Kg3 Rb2 36. R1d2 Rf4 37. Rb3 Ra2 38. h4 h6 39. Rb8+ Kf7 40. Ra8
Re4 41. Rf2+ Kg6 42. Ra7 gxh4+ 43. Kxh4 Rxe5 44. Rff7 Re3 45. Rfe7 Rxc2 46.
Rg7+ Kf6 47. Raf7+ Ke5 48. Kh5 Rh2+ 49. Kg6 d3 50. Rf1 d2 51. Rd7 Ree2 52. Rd1
Rhg2 53. Kh7 Kf4 54. a4 Ke3 55. a5 Re1 56. R1xd2 Rxd2 57. Rxd2 Kxd2 58. Kxh6
Ra1 0-1

[Event "Top Jeunes"]
[Site "Mulhouse"]
[Date "2010.12.19"]
[Round "5.8"]
[White "Alary, Antoine"]
[Black "Kocausta, Antoine"]
[Result "1-0"]
[WhiteElo "1220"]
[BlackElo "1630"]
[PlyCount "43"]
[EventDate "19.??.??"]
[WhiteTeam "Potemkine"]
[BlackTeam "Villepinte"]

1. e4 e5 2. Nf3 Nc6 3. Bc4 Bc5 4. d3 h6 5. O-O Nf6 6. Nc3 O-O 7. Be3 Bb6 8. d4
d6 9. d5 Ne7 10. Bxb6 axb6 11. Qe2 Bg4 12. h3 Bh5 13. Qe3 c5 14. Rad1 Nh7 15.
Be2 Bg6 16. Bd3 c4 17. Bxc4 Nf6 18. Nd2 Ra5 19. Rfe1 Qe8 20. a3 b5 21. Ba2 b4
22. axb4 {suite illisible} 1-0

[Event "Top Jeunes"]
[Site "Mulhouse"]
[Date "2010.12.19"]
[Round "5.9"]
[White "Kocausta, Antoine"]
[Black "Ea, Thibault"]
[Result "0-1"]
[WhiteElo "1630"]
[BlackElo "1528"]
[PlyCount "86"]
[EventDate "19.??.??"]
[WhiteTeam "Villepinte"]
[BlackTeam "Potemkine"]

1. d4 d5 2. c4 e6 3. Nc3 c6 4. Nf3 Nf6 5. Bg5 Nbd7 6. e3 Be7 7. Be2 dxc4 8.
Bxc4 b5 9. Bb3 a5 10. a3 a4 11. Ba2 O-O 12. O-O Bb7 13. Ne5 Nxe5 14. dxe5 Nd5
15. Bxe7 Nxe7 16. Rc1 Ng6 17. f4 Qb6 18. Qd4 c5 19. Qd3 Rfd8 20. Qxb5 Qxb5 21.
Nxb5 Ba6 22. Nc7 Bxf1 23. Nxa8 Bxg2 24. Nb6 Be4 25. Nxa4 Ra8 26. Nxc5 Rc8 27.
b4 Bb7 28. Nd3 Ra8 29. Rf1 Rxa3 30. Bb1 Ba6 31. Rd1 Bb5 32. Nc1 Nf8 33. Bd3
Bxd3 34. Rxd3 Ra1 35. Rc3 Rb1 36. Rc4 g6 37. Kf2 Nd7 38. Nd3 Nb6 39. Rc5 Nd5
40. Rb5 Rb3 41. Ke2 Rb1 42. e4 Nc3+ 43. Ke3 Nxb5 0-1

[Event "Top Jeunes"]
[Site "Mulhouse"]
[Date "2010.12.19"]
[Round "5.10"]
[White "Ek, Bora"]
[Black "Alary, Antoine"]
[Result "1-0"]
[WhiteElo "1430"]
[BlackElo "1220"]
[PlyCount "81"]
[EventDate "19.??.??"]
[WhiteTeam "Villepinte"]
[BlackTeam "Potemkine"]

1. e4 e5 2. Nf3 Nf6 3. Nc3 Nc6 4. Bb5 Bb4 5. O-O O-O 6. d3 h6 7. h3 Re8 8. a3
Ba5 9. Be3 Bxc3 10. bxc3 d5 11. exd5 Nxd5 12. Bd2 a6 13. Bc4 Nb6 14. Bb3 Bf5
15. Be3 Nd5 16. Bxd5 Qxd5 17. c4 Qd6 18. c5 Qd5 19. Re1 e4 20. dxe4 Qxd1 21.
Raxd1 Bxe4 22. c3 Rad8 23. Nd4 Bg6 24. Nxc6 bxc6 25. Bd4 Bh5 26. Rc1 Rxe1+ 27.
Rxe1 Rb8 28. Re7 Rb7 29. Kh2 Kh7 30. a4 Bd1 31. a5 Rb5 32. Rxc7 Rxa5 33. Rxc6
Kg8 34. Rc8+ Kh7 35. c6 Ba4 36. c7 Bd7 37. Rf8 Ra1 38. c8=Q Bxc8 39. Rxc8 a5
40. c4 a4 41. Bxa1 1-0

[Event "Top Jeunes"]
[Site "Mulhouse"]
[Date "2010.12.19"]
[Round "5.1"]
[White "Barbaras, Mathieu"]
[Black "Macon, Arthur"]
[Result "1-0"]
[WhiteElo "2022"]
[BlackElo "1981"]
[PlyCount "105"]
[EventDate "19.??.??"]
[WhiteTeam "Bischwiller"]
[BlackTeam "Niort"]

1. e4 c6 2. d4 d5 3. Nc3 dxe4 4. Nxe4 Bf5 5. Ng3 Bg6 6. Nf3 Nd7 7. h4 h6 8. h5
Bh7 9. Bd3 Bxd3 10. Qxd3 e6 11. Bd2 Qc7 12. O-O-O Ngf6 13. c4 Bd6 14. Rh4 O-O-O
15. Ne2 c5 16. Bc3 cxd4 17. Bxd4 Ne5 18. Nxe5 Bxe5 19. Qc3 Bxd4 20. Nxd4 a6 21.
Rh3 Qf4+ 22. Qe3 Qxe3+ 23. fxe3 Rd7 24. Nf3 Rxd1+ 25. Kxd1 Ne4 26. Rh4 Rd8+ 27.
Ke2 Ng3+ 28. Kf2 Nf5 29. Rg4 Rd1 30. Ke2 Rb1 31. e4 Rxb2+ 32. Kd3 Nd6 33. Rxg7
Rxa2 34. Ne5 Ra3+ 35. Kd4 Ra5 36. g4 f6 37. Rg8+ Kc7 38. Rg7+ Kc8 39. Rg8+ Kc7
40. Rg7+ Kb8 41. Nd7+ Ka7 42. Nxf6 e5+ 43. Kc3 Rc5 44. g5 hxg5 45. h6 Rxc4+ 46.
Kd3 Rd4+ 47. Ke3 Nc4+ 48. Ke2 Rd2+ 49. Ke1 Rh2 50. h7 Nd2 51. Kd1 a5 52. Ng4
Rh1+ 53. Kxd2 1-0

[Event "Top Jeunes"]
[Site "Mulhouse"]
[Date "2010.12.19"]
[Round "5.2"]
[White "Leriche, Luc"]
[Black "Wurtz, Guillaume"]
[Result "0-1"]
[WhiteElo "1968"]
[BlackElo "1930"]
[PlyCount "76"]
[EventDate "19.??.??"]
[WhiteTeam "Niort"]
[BlackTeam "Bischwiller"]

1. e4 c5 2. Nf3 Nc6 3. Bb5 e5 4. O-O Nge7 5. Bc4 Ng6 6. c3 Be7 7. d4 d6 8. Be3
O-O 9. h3 a6 10. Bd5 Qc7 11. a3 b6 12. Nbd2 Bb7 13. b4 exd4 14. cxd4 cxb4 15.
Rc1 Qd7 16. Nc4 Bd8 17. Ng5 h6 18. Qh5 hxg5 19. Qxg6 Ne7 20. Qxd6 Qxd6 21. Nxd6
Bxd5 22. exd5 Nxd5 23. axb4 Be7 24. Ne4 Bxb4 25. Bxg5 Rfc8 26. Bd2 Bxd2 27.
Nxd2 b5 28. Nb3 b4 29. Nc5 a5 30. Rfe1 f6 31. Na4 Kf7 32. Rc5 Rxc5 33. dxc5 Rc8
34. Rc1 Ke6 35. Kf1 Kd7 36. Rd1 Kc6 37. Ke1 Re8+ 38. Kd2 Nf4 0-1

[Event "Top Jeunes"]
[Site "Mulhouse"]
[Date "2010.12.19"]
[Round "5.3"]
[White "Bellahcene, Bilel"]
[Black "Habiballah, Anass"]
[Result "1-0"]
[WhiteElo "2140"]
[BlackElo "1520"]
[PlyCount "65"]
[EventDate "19.??.??"]
[WhiteTeam "Bischwiller"]
[BlackTeam "Niort"]

1. e4 d6 2. d4 Nf6 3. Nc3 g6 4. f3 c6 5. Be3 b5 6. Qd2 Qa5 7. Bd3 a6 8. Nge2
Nbd7 9. O-O Bb7 10. b4 Qc7 11. a4 e5 12. axb5 axb5 13. Rxa8+ Bxa8 14. Ra1 Bb7
15. Ra7 Bg7 16. dxe5 Nxe5 17. Bxb5 O-O 18. Ba6 Rb8 19. Rxb7 Rxb7 20. Bxb7 Qxb7
21. Qxd6 Ned7 22. Nd4 Ne8 23. Qe7 Qc8 24. Qh4 Qa8 25. Nce2 Ne5 26. Qe1 Nc4 27.
Qc3 Nxe3 28. Qxe3 Qa1+ 29. Kf2 Bxd4 30. Qxd4 Qa4 31. c3 Qa8 32. c4 Qc8 33. Qc5
1-0

[Event "Top Jeunes"]
[Site "Mulhouse"]
[Date "2010.12.19"]
[Round "5.4"]
[White "Chauvet, Etienne"]
[Black "Hoerdt, Audran"]
[Result "0-1"]
[WhiteElo "1520"]
[BlackElo "1587"]
[PlyCount "72"]
[EventDate "19.??.??"]
[WhiteTeam "Niort"]
[BlackTeam "Bischwiller"]

1. e4 e6 2. d3 d5 3. Nd2 c5 4. Ngf3 Nc6 5. g3 Nf6 6. Bg2 Be7 7. O-O O-O 8. e5
Nd7 9. Re1 Qc7 10. Qe2 b5 11. c3 a5 12. Nf1 Nb6 13. Bf4 Ba6 14. b3 Rad8 15. h4
c4 16. d4 cxb3 17. axb3 b4 18. Qd2 bxc3 19. Qc1 Bb4 20. N1h2 Ne7 21. Ng4 c2 22.
Bd2 Nf5 23. Bxb4 axb4 24. h5 Qc3 25. h6 Nxh6 26. Nxh6+ gxh6 27. Qxh6 Bd3 28.
Qg5+ Bg6 29. Rac1 Qxb3 30. Nh4 Qc4 31. Nxg6 hxg6 32. Qh4 b3 33. Bf1 Qc6 34. Be2
Rc8 35. Qf4 b2 36. Rxc2 Qxc2 0-1

[Event "Top Jeunes"]
[Site "Mulhouse"]
[Date "2010.12.19"]
[Round "5.5"]
[White "Pluvinage, Jerome"]
[Black "Barbotte, Leo"]
[Result "1-0"]
[WhiteElo "1486"]
[BlackElo "1510"]
[PlyCount "57"]
[EventDate "19.??.??"]
[WhiteTeam "Bischwiller"]
[BlackTeam "Niort"]

1. d4 d5 2. c4 e6 3. Nc3 c6 4. cxd5 cxd5 5. Nf3 Bd6 6. e3 f5 7. Be2 Nf6 8. O-O
O-O 9. Bd2 Ne4 10. Nxe4 fxe4 11. Ne1 b6 12. Rc1 Ba6 13. Nc2 Bxe2 14. Qxe2 Qh4
15. h3 Rf6 16. Bb4 Bxb4 17. Nxb4 a5 18. Qb5 axb4 19. Qe8+ Rf8 20. Qxe6+ Kh8 21.
Qxb6 Qd8 22. Qxb4 Rxa2 23. Qb3 Ra5 24. Rc5 Rxc5 25. dxc5 Nc6 26. Rd1 Rf5 27.
Qc3 Kg8 28. b4 Qb8 29. Rb1 1-0

[Event "Top Jeunes"]
[Site "Mulhouse"]
[Date "2010.12.19"]
[Round "5.7"]
[White "Kantzer, Romain"]
[Black "Gaubert, Cedric"]
[Result "1-0"]
[WhiteElo "1420"]
[BlackElo "1009"]
[PlyCount "41"]
[EventDate "19.??.??"]
[WhiteTeam "Bischwiller"]
[BlackTeam "Niort"]

1. e4 d5 2. exd5 Qxd5 3. Nc3 Qa5 4. d4 Nf6 5. Nf3 Bf5 6. Bd2 c6 7. Bc4 e6 8. a3
Nbd7 9. O-O O-O-O 10. Nd5 Qa4 11. b3 exd5 12. bxa4 dxc4 13. Qe2 b5 14. axb5
cxb5 15. a4 Ne4 16. axb5 Nxd2 17. Nxd2 Nb6 18. Nxc4 Nxc4 19. Qxc4+ Kb8 20. Rxa7
Be6 21. Qc7# 1-0

[Event "Top Jeunes"]
[Site "Mulhouse"]
[Date "2010.12.19"]
[Round "5.8"]
[White "Bellahcene, Meriem"]
[Black "Habiballah, Linda"]
[Result "1-0"]
[WhiteElo "1300"]
[BlackElo "1120"]
[PlyCount "45"]
[EventDate "19.??.??"]
[WhiteTeam "Bischwiller"]
[BlackTeam "Niort"]

1. e4 c6 2. d4 d5 3. Nc3 dxe4 4. Nxe4 Bf5 5. Ng3 e6 6. Nf3 Be7 7. Be2 Nf6 8.
Nxf5 exf5 9. O-O O-O 10. Bf4 Nbd7 11. Bd3 Qb6 12. Bxf5 Rad8 13. Re1 Bb4 14. c3
Ba5 15. b4 Qb5 16. Bxd7 Rxd7 17. bxa5 Qxa5 18. Qc2 Rd5 19. Bd2 Rf5 20. c4 Qc7
21. Qxf5 a5 22. Bxa5 b6 23. Bc3 1-0

[Event "Top Jeunes"]
[Site "Mulhouse"]
[Date "2010.12.19"]
[Round "5.9"]
[White "Habiballah, Linda"]
[Black "Kantzer, Romain"]
[Result "0-1"]
[WhiteElo "1120"]
[BlackElo "1420"]
[PlyCount "60"]
[EventDate "19.??.??"]
[WhiteTeam "Niort"]
[BlackTeam "Bischwiller"]

1. e4 e5 2. Nc3 Nf6 3. g3 Nc6 4. Bg2 Bc5 5. Na4 Bb6 6. Nxb6 axb6 7. d3 d5 8.
Qe2 O-O 9. Nf3 Re8 10. O-O Bg4 11. h3 Bh5 12. Qe3 d4 13. Qd2 Qd7 14. Nh4 Ne7
15. Qg5 Qe6 16. Kh2 h6 17. Qd2 Nc6 18. f4 Ra5 19. f5 Qe7 20. Qf2 Rea8 21. a3 b5
22. c3 dxc3 23. bxc3 b4 24. g4 Bxg4 25. Be3 bxa3 26. Rfb1 b6 27. Qg3 a2 28. Rb2
Qa3 29. Rd2 Qxc3 30. hxg4 Qxa1 0-1

[Event "Top Jeunes"]
[Site "Mulhouse"]
[Date "2010.12.19"]
[Round "5.10"]
[White "Gaubert, Cedric"]
[Black "Bellahcene, Meriem"]
[Result "0-1"]
[WhiteElo "1009"]
[BlackElo "1300"]
[PlyCount "46"]
[EventDate "19.??.??"]
[WhiteTeam "Niort"]
[BlackTeam "Bischwiller"]

1. d4 d5 2. e3 Nf6 3. Bd3 e6 4. f4 Be7 5. Nf3 O-O 6. O-O Nc6 7. Ne5 Re8 8. c3
Nd7 9. Bc2 Ndxe5 10. fxe5 Rf8 11. Qd3 g6 12. h4 Bxh4 13. Nd2 Bg3 14. Rf3 Bxe5
15. Rh3 Bg7 16. Rh5 e5 17. Qe2 gxh5 18. Qxh5 h6 19. g4 Qg5 20. Qxg5 hxg5 21. b3
exd4 22. Ba3 Re8 23. cxd4 Rxe3 0-1

[Event "Top Jeunes"]
[Site "Mulhouse"]
[Date "2010.12.19"]
[Round "6.1"]
[White "Kirk, Ezra"]
[Black "Messinger, Karl"]
[Result "0-1"]
[WhiteElo "2127"]
[BlackElo "1936"]
[PlyCount "70"]
[EventDate "19.??.??"]
[WhiteTeam "Clichy"]
[BlackTeam "Mulhouse"]

1. d4 Nf6 2. c4 e6 3. Nc3 Bb4 4. Qc2 Nc6 5. Nf3 d6 6. Bg5 h6 7. Bh4 g5 8. d5
exd5 9. cxd5 Nxd5 10. Bg3 Qf6 11. Rc1 Bg4 12. Nd2 Bxc3 13. bxc3 O-O-O 14. e3
Rde8 15. Qd3 Qe6 16. Be2 Bxe2 17. Qxe2 f5 18. c4 Nf6 19. h4 Rhf8 20. hxg5 hxg5
21. Nf3 Ne4 22. Bh2 f4 23. exf4 g4 24. Nh4 Qf6 25. Qxg4+ Kb8 26. O-O Rg8 27.
Qh3 Nd4 28. Kh1 Ne2 29. Rc2 Nxf4 30. Bxf4 Qxf4 31. Kg1 Ref8 32. Re2 Ng3 33. Rc2
Nxf1 34. Kxf1 Qe4 35. Rc1 Rxf2+ 0-1